[Event "Voronezh op-B 20th"]
[Site "Voronezh"]
[Date "2016.06.18"]
[Round "6"]
[White "Shestakova, Ekaterina"]
[Black "Podkopaev, Mikhail"]
[Result "1/2-1/2"]
[WhiteElo "1740"]
[BlackElo "2026"]
[PlyCount "147"]
[EventDate "2016.06.12"]
[EventType "swiss"]
[EventRounds "9"]
[EventCountry "RUS"]
[SourceTitle "EXT 2017"]
[Source "ChessBase"]
[SourceDate "2016.10.25"]
[SourceVersion "1"]
[SourceVersionDate "2016.10.25"]
[SourceQuality "1"]

1. e4 c6 2. d4 d5 3. exd5 cxd5 4. c4 Nf6 5. Nc3 g6 6. cxd5 Bg7 7. Bc4 0-0 8. Nf3 Nbd7 9. 0-0 Nb6 10. Bb3 Nbxd5 11. Bg5 Nxc3 12. bxc3 Ne4 13. Re1 Nxg5 14. Nxg5 e6 15. Ne4 b6 16. Qf3 Rb8 17. Qg3 Rb7 18. Nd6 Rd7 19. Nxc8 Qxc8 20. Rad1 Rfd8 21. h4 Rc7 22. Re3 b5 23. Rde1 a5 24. Qg5 a4 25. Bd1 h6 26. Qg3 b4 27. cxb4 Bxd4 28. Rf3 Bc3 29. Rf1 Bxb4 30. Qf4 Bf8 31. Bxa4 Bg7 32. Bb3 Rd4 33. Qe3 Rxh4 34. Rf4 Rh5 35. Re4 Rc3 36. Qb6 Rc6 37. Qe3 Qc7 38. g3 Rc3 39. Qd2 Rg5 40. Re3 Rgc5 41. Rxc3 Rxc3 42. Rd1 Qc5 43. Kg2 h5 44. Re1 Qc6+ 45. Kg1 Qc7 46. Rd1 Bf6 47. Qd7 Qe5 48. Qd6 Qf5 49. Qd2 h4 50. Qf4 Qxf4 51. gxf4 Rf3 52. Kg2 Rxf4 53. Rd7 g5 54. a4 Rb4 55. Bd1 Rb2 56. Bh5 Ra2 57. Bxf7+ Kh8 58. Bxe6 Rxa4 59. Rf7 Rf4 60. Rf8+ Kg7 61. Rg8+ Kh7 62. Rc8 g4 63. Rg8 Bg7 64. Rc8 Bd4 65. Rc2 Kg6 66. Bd5 Be5 67. Re2 h3+ 68. Kh1 Kf6 69. Re4 Rxf2 70. Rxg4 h2 71. Rh4 Rd2 72. Bb7 Rd7 73. Bf3 Rg7 74. Rg4 1/2-1/2

[Event "Voronezh op-B 20th"]
[Site "Voronezh"]
[Date "2016.06.16"]
[Round "5"]
[White "Podkopaev, Mikhail"]
[Black "Rozmanov, Aleksandr"]
[Result "0-1"]
[WhiteElo "2026"]
[BlackElo "1914"]
[PlyCount "70"]
[EventDate "2016.06.12"]
[EventType "swiss"]
[EventRounds "9"]
[EventCountry "RUS"]
[SourceTitle "EXT 2017"]
[Source "ChessBase"]
[SourceDate "2016.10.25"]
[SourceVersion "1"]
[SourceVersionDate "2016.10.25"]
[SourceQuality "1"]

1. e4 e5 2. Nf3 Nc6 3. d4 exd4 4. Nxd4 Nf6 5. Nxc6 bxc6 6. Nc3 Bb4 7. Bd3 d5 8. exd5 cxd5 9. 0-0 0-0 10. Bg5 c6 11. Ne2 h6 12. Bh4 Bd6 13. h3 Re8 14. c3 Rb8 15. Nd4 Bd7 16. Qf3 Rxb2 17. Nf5 Be5 18. Rae1 Rb8 19. Nxh6+ Kf8 20. Ng4 Bxg4 21. hxg4 Qd6 22. c4 d4 23. g5 Ng8 24. Be4 Ne7 25. Qh5 g6 26. Qg4 d3 27. Qf3 d2 28. Rd1 Qd4 29. Qe3 Rbd8 30. Qe2 Nf5 31. Qg4 Bh2+ 32. Kxh2 Rxe4 33. f4 Qh8 34. Kh3 Re3+ 35. g3 Rxg3+ 0-1

[Event "Voronezh op-B 18th"]
[Site "Voronezh"]
[Date "2014.06.20"]
[Round "9"]
[White "Akmalov, Daniil"]
[Black "Podkopaev, Mikhail"]
[Result "1/2-1/2"]
[WhiteElo "1874"]
[BlackElo "2040"]
[PlyCount "159"]
[EventDate "2014.06.12"]
[EventType "swiss"]
[EventRounds "9"]
[EventCountry "RUS"]
[SourceTitle "EXT 2015"]
[Source "ChessBase"]
[SourceDate "2014.11.20"]
[SourceVersion "1"]
[SourceVersionDate "2014.11.20"]
[SourceQuality "1"]

1. d4 d5 2. c4 e6 3. Nf3 f5 4. g3 c6 5. Bg2 Nf6 6. 0-0 Bd6 7. Nc3 0-0 8. Qc2 Ne4 9. Rb1 Nd7 10. b4 a6 11. a4 Ndf6 12. c5 Bc7 13. Nd1 Qe8 14. Nb2 Qh5 15. Nd3 Ng4 16. h3 Nh6 17. Nfe5 Bxe5 18. Nxe5 Ng5 19. Bxg5 Qxg5 20. e3 Nf7 21. Nxf7 Kxf7 22. h4 Qg4 23. b5 axb5 24. axb5 Bd7 25. b6 Kg8 26. Ra1 Rae8 27. Ra7 Bc8 28. Rfa1 e5 29. dxe5 Rxe5 30. Qb2 Rfe8 31. Ra8 R5e6 32. R1a4 Qd1+ 33. Kh2 h6 34. Qd4 Qxd4 35. Rxd4 Re5 36. Rda4 Bd7 37. R4a7 Rxa8 38. Rxa8+ Re8 39. Rxe8+ Bxe8 40. g4 fxg4 41. Kg3 Kf7 42. Kf4 Kf6 43. h5 Bd7 44. Bf1 g3 45. fxg3 Bf5 46. g4 Be6 47. Bd3 Bd7 48. Ba6 Bc8 49. Bf1 Be6 50. Bh3 Ke7 51. Bg2 Kf6 52. Bf3 Bc8 53. Be2 Bd7 54. Bd3 Bc8 55. Bh7 g5+ 56. hxg6 Kg7 57. Kg3 Bd7 58. Kh4 Be6 59. Kh5 Bd7 60. g5 hxg5 61. Kxg5 Bh3 62. Kf4 Bf1 63. Ke5 Be2 64. Kd6 Bd3 65. Kd7 Ba6 66. Kc7 Kh8 67. Kd6 Kg7 68. Ke7 Bd3 69. Ke6 Bc4 70. Ke5 Bf1 71. e4 dxe4 72. Kxe4 Ba6 73. Ke5 Bf1 74. Ke6 Ba6 75. Ke7 Bb5 76. Ke8 Ba6 77. Ke7 Bb5 78. Ke8 Ba6 79. Ke7 Bb5 80. Ke8 1/2-1/2

[Event "Voronezh op-B 18th"]
[Site "Voronezh"]
[Date "2014.06.15"]
[Round "4"]
[White "Podkopaev, Mikhail"]
[Black "Leun, Victor"]
[Result "1-0"]
[WhiteElo "2040"]
[BlackElo "1843"]
[PlyCount "95"]
[EventDate "2014.06.12"]
[EventType "swiss"]
[EventRounds "9"]
[EventCountry "RUS"]
[SourceTitle "EXT 2015"]
[Source "ChessBase"]
[SourceDate "2014.11.20"]
[SourceVersion "1"]
[SourceVersionDate "2014.11.20"]
[SourceQuality "1"]

1. e4 c5 2. Nc3 d6 3. g3 Nc6 4. d3 g6 5. Bg2 Bg7 6. f4 e5 7. Nh3 Nge7 8. 0-0 Nd4 9. Nd5 Nxd5 10. exd5 0-0 11. c3 Nf5 12. Ng5 c4 13. dxc4 Qb6+ 14. Kh1 Ne3 15. Bxe3 Qxe3 16. Re1 Qb6 17. Qb3 Qc7 18. fxe5 Bxe5 19. Nf3 f6 20. Nd4 b6 21. Ne6 Bxe6 22. dxe6 Rae8 23. c5 Re7 24. c6 f5 25. Rad1 f4 26. gxf4 Bxf4 27. Rf1 Kg7 28. Rd4 g5 29. Qd5 Rf6 30. Re4 Qd8 31. Rd1 Qc7 32. Rf1 Qd8 33. Re2 Qc7 34. Bh3 Kh8 35. b4 Qd8 36. Qd3 Qf8 37. Ref2 Kg8 38. Qc4 Qd8 39. Qd5 Qc7 40. b5 Rh6 41. Bg4 Rf6 42. Bh5 Kg7 43. Rxf4 gxf4 44. Qg5+ Rg6 45. Bxg6 hxg6 46. Qxf4 Qd8 47. Qf6+ Kg8 48. Rg1 1-0

[Event "Voronezh op-B 13th"]
[Site "Voronezh"]
[Date "2009.06.15"]
[Round "4"]
[White "Podkopaev, Mikhail"]
[Black "Dogodkina, Julia"]
[Result "1-0"]
[WhiteElo "2155"]
[BlackElo "2040"]
[PlyCount "83"]
[EventDate "2009.06.12"]
[EventType "swiss"]
[EventRounds "9"]
[EventCountry "RUS"]
[SourceTitle "CBM 130 Extra"]
[Source "ChessBase"]
[SourceDate "2009.07.02"]
[SourceVersion "2"]
[SourceVersionDate "2009.07.15"]
[SourceQuality "1"]

1. e4 c5 2. Nc3 d6 3. d3 Nc6 4. g3 g6 5. Bg2 Bg7 6. Nh3 e6 7. 0-0 Nge7 8. f4 Rb8 9. g4 Nd4 10. Ne2 Nec6 11. Ng3 0-0 12. c3 Nb5 13. f5 e5 14. fxg6 hxg6 15. Ng5 Nc7 16. h4 Ne6 17. Nxe6 Bxe6 18. g5 Qd7 19. h5 Bh8 20. Bd2 b5 21. Qe2 c4 22. Rf2 Na5 23. Qe3 cxd3 24. b3 b4 25. Raf1 bxc3 26. Bxc3 Qc7 27. Bd2 Nc6 28. Qxd3 Qb6 29. hxg6 Qd4 30. gxf7+ Rxf7 31. Qe2 Bg7 32. Be3 Qb4 33. g6 Rxf2 34. Rxf2 Rf8 35. Nf5 Bxf5 36. exf5 Ne7 37. Bg5 Nxf5 38. Bd5+ Kh8 39. Rh2+ Nh6 40. Bxh6 Bxh6 41. Rxh6+ Kg7 42. Rh7+ 1-0

[Event "Voronezh op-B 13th"]
[Site "Voronezh"]
[Date "2009.06.13"]
[Round "2"]
[White "Podkopaev, Mikhail"]
[Black "Belov, Yury"]
[Result "1-0"]
[WhiteElo "2155"]
[BlackElo "1749"]
[PlyCount "67"]
[EventDate "2009.06.12"]
[EventType "swiss"]
[EventRounds "9"]
[EventCountry "RUS"]
[SourceTitle "CBM 130 Extra"]
[Source "ChessBase"]
[SourceDate "2009.07.02"]
[SourceVersion "2"]
[SourceVersionDate "2009.07.15"]
[SourceQuality "1"]

1. e4 c5 2. Nc3 e6 3. g3 a6 4. Bg2 Nc6 5. d3 h5 6. Nf3 f6 7. Nh4 Nge7 8. Bf3 Ne5 9. Bxh5+ g6 10. Be2 Qc7 11. f4 N5c6 12. Be3 Nd4 13. Bf1 b5 14. Ne2 e5 15. c3 g5 16. fxg5 fxg5 17. Bxg5 Rxh4 18. gxh4 Nf3+ 19. Kf2 Nxg5 20. hxg5 Bb7 21. Ng3 0-0-0 22. h4 Ng6 23. h5 Nf4 24. h6 Qb6 25. h7 Bg7 26. Nf5 Bh8 27. Rh6 Ne6 28. Qg4 c4+ 29. Kg2 Rf8 30. Rd1 Kb8 31. d4 exd4 32. cxd4 Be5 33. dxe5 Bxe4+ 34. Qxe4 1-0

[Event "Voronezh op-A 11th"]
[Site "Voronezh"]
[Date "2007.06.15"]
[Round "4"]
[White "Podkopaev, Mikhail"]
[Black "Tarlev, Konstantin"]
[Result "0-1"]
[WhiteElo "2161"]
[BlackElo "2468"]
[PlyCount "47"]
[EventDate "2007.06.12"]
[EventType "swiss"]
[EventRounds "9"]
[EventCountry "RUS"]
[SourceTitle "CBM 118 Extra"]
[Source "ChessBase"]
[SourceDate "2007.07.04"]
[SourceVersion "1"]
[SourceVersionDate "2007.07.04"]
[SourceQuality "1"]

1. e4 e5 2. Nf3 Nc6 3. d4 exd4 4. Nxd4 Bb4+ 5. Nc3 Nge7 6. Nxc6 Nxc6 7. Bd3 Bxc3+ 8. bxc3 0-0 9. 0-0 d6 10. f4 Qf6 11. Bd2 Bd7 12. Qh5 Qg6 13. Qd5 Rae8 14. Rf3 Qe6 15. Qh5 Qg6 16. Qd5 Qe6 17. Qh5 Qg4 18. Qd5 Kh8 19. Rg3 Qh4 20. Rf1 Qe7 21. Qh5 f6 22. f5 Qd8 23. Qh4 Ne5 24. Be2 0-1